<?xml version="1.0" encoding="UTF-8"?>
<marc:record xmlns:marc="http://www.loc.gov/MARC21/slim">
   <marc:leader>00000nam a2200000 a 4500</marc:leader>
   <marc:datafield ind1="1" ind2=" " tag="100">
      <marc:subfield code="a">London, Jonathan</marc:subfield>
      <marc:subfield code="4">aut</marc:subfield>
      <marc:subfield code="e">Verfasser/-in</marc:subfield>
   </marc:datafield>
   <marc:datafield ind1="1" ind2=" " tag="100">
      <marc:subfield code="a">London, Jonathan</marc:subfield>
      <marc:subfield code="4">oth</marc:subfield>
      <marc:subfield code="e">Sonstiges</marc:subfield>
   </marc:datafield>
   <marc:datafield ind1="1" ind2=" " tag="100">
      <marc:subfield code="a">Remkiewi, Frank</marc:subfield>
      <marc:subfield code="4">oth</marc:subfield>
      <marc:subfield code="e">Sonstiges</marc:subfield>
   </marc:datafield>
   <marc:datafield ind1="0" ind2="0" tag="245">
      <marc:subfield code="a">Froggy Gets Dressed</marc:subfield>
   </marc:datafield>
   <marc:datafield ind1="0" ind2="0" tag="245">
      <marc:subfield code="c">London, Jonathan</marc:subfield>
   </marc:datafield>
   <marc:datafield ind1=" " ind2="1" tag="264">
      <marc:subfield code="a">1992</marc:subfield>
      <marc:subfield code="b">Penguin Putnam</marc:subfield>
      <marc:subfield code="c">1992</marc:subfield>
   </marc:datafield>
   <marc:datafield ind1="1" ind2=" " tag="520">
      <marc:subfield code="a">Quelle: bn.bibliotheksnachrichten (http://www.biblio.at/literatur/bn/index.html); &#xD;
Autor: Mary-Ann Balko-Koch; &#xD;
A wonderful story about a frog wishing to play in the snow. However, each time he gets dressed and runs outside to play, he finds his mother calling after him because he has forgotten to put on a piece of clothing. At least he is tired enough to fall asleep immediately. A very funny, repetitious story.&#xD;
Theme - clothing, winter, sleeping&#xD;
English level - beginners&#xD;
&#xD;
"Froggy Gets dressed" ist die Geschichte eines kleinen Frosches, der anstatt zu schlafen, lieber im Schnee spielen will. Jedesmal wenn der kleine Frosch ins Freie läuft, ruft ihm Mama Frosch nach, dass er ein bestimmtes Kleidungsstück anziehen muss. Vom vielen Hin-und Herlaufen und Aus- und Anziehen ist Froggy schließlich so müde, dass er von selber einschläft. Lustig und unterhaltsam.&#xD;
Thema: Schlafengehen; Kleidungsstücke&#xD;
Englischkenntnisse nicht nötig</marc:subfield>
   </marc:datafield>
   <marc:datafield ind1=" " ind2=" " tag="020">
      <marc:subfield code="a">9780670842490</marc:subfield>
      <marc:subfield code="9">9780670842490</marc:subfield>
   </marc:datafield>
   <marc:datafield ind1=" " ind2=" " tag="020">
      <marc:subfield code="a">0670842494</marc:subfield>
      <marc:subfield code="9">0670842494</marc:subfield>
   </marc:datafield>
   <marc:datafield ind1=" " ind2=" " tag="041">
      <marc:subfield code="a">eng</marc:subfield>
   </marc:datafield>
   <marc:datafield ind1=" " ind2=" " tag="300">
      <marc:subfield code="b">Ill.</marc:subfield>
   </marc:datafield>
   <marc:datafield ind1=" " ind2=" " tag="338">
      <marc:subfield code="a">Band</marc:subfield>
   </marc:datafield>
   <marc:datafield ind1=" " ind2=" " tag="300">
      <marc:subfield code="a">[16] Bl.</marc:subfield>
   </marc:datafield>
</marc:record>
